پت جھڑ کا موسم / (Record no. 189492)

MARC details
000 -LEADER
fixed length control field 00582nam a22001937a 4500
005 - DATE AND TIME OF LATEST TRANSACTION
control field 20220701170605.0
010 ## - LCCN (DPL NO)
LC control number UR-11615
020 ## - INTERNATIONAL STANDARD BOOK NUMBER
International Standard Book Number 9788194847151
Terms of availability 300.00
035 ## - SYSTEM CONTROL NUMBER
System control number U-10170
037 ## - SOURCE OF ACQUISITION
Source of stock number/acquisition DBAD/PUB
Stock number -
082 ## - DEWEY DECIMAL CLASSIFICATION NUMBER
Classification number ک
100 ## - MAIN ENTRY--PERSONAL NAME
Personal name مجیب احمد
245 ## - TITLE STATEMENT
Title پت جھڑ کا موسم /
Statement of responsibility, etc مجیب احمد
Medium ا ر د و
246 ## - VARYING FORM OF TITLE
Title proper/short title Pat Jhad ka Mausam /
Remainder of title by Mujeeb Ahmed
260 ## - PUBLICATION, DISTRIBUTION, ETC. (IMPRINT)
Place of publication, distribution, etc Hyderabad
Name of publisher, distributor, etc Mujeeb Publications
Date of publication, distribution, etc 2020 ء
270 ## - ADDRESS
Address H.No. 2-3-48/G, Kadri Bagh,
City Hyderabad
Postal code 500013
300 ## - PHYSICAL DESCRIPTION
Extent 128 ص
Dimensions 22cm(Hb)
942 ## - ADDED ENTRY ELEMENTS (KOHA)
Source of classification or shelving scheme Dewey Decimal Classification
Item type Urdu Bks
Classification part ک
Call number suffix م ج ی
Holdings
Withdrawn status Lost status Not for loan Collection code Home library Current library Date acquired Source of acquisition Cost, normal purchase price Full call number Barcode Copy number Cost, replacement price Koha item type
      Non-fiction Central Library Central Library 01/07/2022 DBAD/PUB 300.00 ک م ج ی U-10170 1 300.00 Urdu Bks

© Delhi Public Library
Hit Counter
free hit counter